Catalog

Record Details

Catalog Search



The perfect pet  Cover Image Book Book

The perfect pet / by Margie Palatini ; illustrated by Bruce Whatley.

Palatini, Margie. (Author). Whatley, Bruce. (Added Author).

Summary:

After Elizabeth's parents do not agree with her various suggestions for the perfect pet, she discovers a solution.

Record details

  • ISBN: 0060001089
  • ISBN: 0060001097
  • ISBN: 9780060001100
  • Physical Description: 1 v. (unpaged) : color illustrations ; 22 x 25 cm.
  • Edition: 1st edition
  • Publisher: New York : HarperCollins, c2003.
Subject: Pets > Fiction.
Insects > Fiction.

Available copies

  • 1 of 1 copy available at scottsboropl.

Holds

  • 0 current holds with 1 total copy.
Show Only Available Copies
Location Call Number / Copy Notes Barcode Shelving Location Status Due Date
scottsboropl E Pal 32269000860752 Juvenile - Easy Available -

LDR 01004nam a2200301 a 4500
001132558
003CONS
00520140703073307.0
008020828s2003 nyua b 000 1 eng
010 . ‡a 2002013384
020 . ‡a0060001089
020 . ‡a0060001097
020 . ‡a9780060001100
035 . ‡a(CPomAG)LMN504105
042 . ‡alcac
05000. ‡aPZ7.P1755 ‡bPe 2003
08200. ‡a[E] ‡221
1001 . ‡aPalatini, Margie.
24514. ‡aThe perfect pet / ‡cby Margie Palatini ; illustrated by Bruce Whatley.
250 . ‡a1st edition
260 . ‡aNew York : ‡bHarperCollins, ‡cc2003.
300 . ‡a1 v. (unpaged) : ‡bcolor illustrations ; ‡c22 x 25 cm.
520 . ‡aAfter Elizabeth's parents do not agree with her various suggestions for the perfect pet, she discovers a solution.
650 1. ‡aPets ‡vFiction.
650 1. ‡aInsects ‡vFiction.
7001 . ‡aWhatley, Bruce.
959 . ‡i32269000860752 ‡lE Pal ‡aJuvenile - Easy ‡tEasy ‡g19.00
852 . ‡p32269000860752 ‡jE Pal ‡gJuvenile - Easy ‡cEasy ‡y19.00 ‡bSBPL
901 . ‡a132558 ‡bUnknown ‡c132558 ‡tbiblio

Additional Resources